Donald Trump - "They're eating the dogs!" - Statistics

General Stats
  • This quiz has been taken 214 times
  • The average score is 15 of 39
Answer Stats
tonald drump % Correct
the
90%
dogs
89%
eating
89%
In
89%
Springfield
85%
the
85%
they're
85%
people
54%
cats
46%
the
45%
eating
44%
eating
40%
they're
40%
they're
39%
that
33%
the
33%
pets
32%
the
31%
eating
29%
that
29%
there
29%
live
28%
of
28%
people
28%
came
27%
in
27%
they're
27%
and
17%
a
15%
in
15%
country
14%
happening
14%
is
14%
it's
14%
our
14%
shame
14%
this
14%
what's
14%
and
13%
No matching quizzes found
Score Distribution
Percent of People with Each Score
Percentile by Number Answered
Your Score History
You have not taken this quiz